ALL capitals of the world - Statistics

General Stats
  • This quiz has been taken 21 times
    13 since last reset
  • The average score is 110 of 258
Answer Stats
'Country' 'Capital' % Correct
Australia Canberra
90%
Algeria Algiers
80%
Brazil Brasilia
80%
Belgium Brussel
80%
Mexico Mexico City
80%
Canada Ottawa
80%
Japan Tokyo
80%
New Zealand Wellington
80%
Netherlands Amsterdam
70%
Greece Athens
70%
Thailand Bangkok
70%
China Beijing
70%
Switzerland Bern
70%
Argentina Buenos Aires
70%
Ireland Dublin
70%
Finland Helsinki
70%
Afghanistan Kabul
70%
Ukraine Kyiv
70%
Peru Lima
70%
British Indian Ocean Territory | United Kingdom London
70%
Spain Madrid
70%
Belarus Minsk
70%
Russia Moscow
70%
India New Delhi
70%
Norway Oslo
70%
France Paris
70%
Italy Rome
70%
Chile Santiago
70%
South Korea Seoul
70%
Bulgaria Sofia
70%
Sweden Stockholm
70%
Albania Tirana
70%
Tunisia Tunis
70%
Austria Vienna
70%
United States Washington D.C.
70%
United Arab Emirates Abu Dhabi
60%
Andorra Andorra la Vella
60%
Turkey Ankara
60%
Iraq Baghdad
60%
Azerbaijan Baku
60%
Germany Berlin
60%
Romania Bucharest
60%
Hungary Budapest
60%
Egypt Cairo
60%
Venezuela Caracas
60%
Denmark Copenhagen
60%
Syria Damascus
60%
Sierra Leone Freetown
60%
Cuba Havana
60%
Pakistan Islamabad
60%
Israel | Palestine Jerusalem
60%
Portugal Lisbon
60%
Luxembourg Luxembourg
60%
Philippines Manilla
60%
Kenya Nairobi
60%
Bahamas Nassau
60%
North Korea Pyongyang
60%
Morocco Rabat
60%
Iceland Reykjavik
60%
Yemen Sanaa
60%
Singapore Singapore
60%
Taiwan Taipei
60%
Iran Tehran
60%
Armenia Yerevan
60%
Croatia Zagreb
60%
Samoa Apia
50%
Kazakhstan Astana
50%
Belize Belmopan
50%
Colombia Bogotá
50%
Slovakia Bratislava
50%
South Africa Cape Town
50%
Djibouti Djibouti
50%
Qatar Doha
50%
Ascension Island | Guyana Georgetown
50%
Cayman Islands George Town
50%
Guatemala Guatemala City
50%
Vietnam Hanoi
50%
Indonesia Jakarta
50%
Nepal Kathmandu
50%
Jamaica | Norfolk Island Kingston
50%
Saint Vincent and the Grenadines Kingstown
50%
Democratic Republic of the Congo Kinshasa
50%
Kuwait Kuwait City
50%
Slovenia Ljubljana
50%
Bahrain Manama
50%
Monaco Monaco
50%
Uruguay Montevideo
50%
Tonga Nuku'alofa
50%
Greenland Nuuk
50%
Panama Panama City
50%
Haiti Port-au-Prince
50%
Papua New Guinea Port Moresby
50%
Benin Porto-Novo
50%
Czech Republic Prague
50%
South Africa Pretoria
50%
Kosovo Pristina
50%
Latvia Riga
50%
Saudi Arabia Riyadh
50%
San Marino San Marino
50%
Bosnia and Herzegovina Sarajevo
50%
North Macedonia Skopje
50%
Fiji Suva
50%
Estonia Tallinn
50%
Netherlands The Hague
50%
Libya Tripoli
50%
Liechtenstein Vaduz
50%
Malta Valletta
50%
Lithuania Vilnius
50%
Poland Warsaw
50%
Namibia Windhoek
50%
Ghana Accra
40%
Jordan Amman
40%
Saint Kitts and Nevis Basseterre
40%
Lebanon Beirut
40%
Serbia Belgrade
40%
Kyrgyzstan Bishkek
40%
Barbados Bridgetown
40%
Guinea Conakry
40%
Bangladesh Dhaka
40%
East Timor Dili
40%
Botswana Gaborone
40%
Gibraltar Gibraltar
40%
Burundi Gitega
40%
Rwanda Kigali
40%
Malaysia Kuala Lumpur
40%
Bolivia La Paz
40%
Gabon Libreville
40%
Togo Lomé
40%
Angola Luanda
40%
Somalia Mogadishu
40%
Oman Muscat
40%
Cyprus | Northern Cyprus Nicosia
40%
Cambodia Phnom Penh
40%
Montenegro Podgorica
40%
Vanuatu Port Vila
40%
Ecuador Quito
40%
Palestine Ramallah
40%
Dominca Roseau
40%
El Salvador San Salvador
40%
Dominican Republic Santo Domingo
40%
Kiribati South Tarawa
40%
Grenada St. George's
40%
Antigua and Barbuda St. John's
40%
Bolivia Sucre
40%
Uzbekistan Tashkent
40%
Georgia Tbilisi
40%
Bhutan Thimphu
40%
Mongolia Ulaanbaatar
40%
Seychelles Victoria
40%
Ivory Coast Abidjan
30%
Nigeria Abuja
30%
Madagascar Antananarivo
30%
Turkmenistan Ashgabat
30%
Eritrea Asmara
30%
Paraguay Asunción
30%
Mali Bamako
30%
Brunei Bandar Seri Begawan
30%
Central African Republic Bangui
30%
Gambia Banjul
30%
Guinea-Bissau Bissau
30%
Republic of the Congo Brazzaville
30%
Saint Lucia Castries
30%
Moldova Chișinău
30%
Sri Lanka Colombo
30%
Benin Cotonou
30%
Senegal Dakar
30%
Tanzania Dodoma
30%
Isle of Man Douglas
30%
Tajikistan Dushanbe
30%
Tuvalu Funafuti
30%
Bermuda Hamilton
30%
Zimbabwe Harare
30%
Solomon Islands Honiara
30%
South Sudan Juba
30%
Uganda Kampala
30%
Sudan Khartoum
30%
Malawi Lilongwe
30%
Zambia Lusaka
30%
Marshall Islands Majuro
30%
Equatorial Guinea Malabo
30%
Maldives Malé
30%
Nicaragua Managua
30%
Mozambique Maputo
30%
Lesotho Maseru
30%
Liberia Monrovia
30%
Comoros Moroni
30%
Myanmar Naypyidaw
30%
Chad N'Djamena
30%
Palau Ngerulmud
30%
Niger Niamey
30%
Mauritania Nouakchott
30%
Aruba Oranjestad
30%
Burkina Faso Ouagadougou
30%
America Samoa Pago Pago
30%
Federated States of Micronesia Palikir
30%
Suriname Paramaribo
30%
Mauritius Port Louis
30%
Trinidad and Tobago Port of Spain
30%
Cape Verde Praia
30%
Costa Rica San José
30%
São Tomé and Principe São Tomé
30%
Sri Lanka Sri Jayawardenepura Kotte
30%
Artsakh Stepanakert
30%
Jersey St. Helier
30%
Guernsey St. Peter Port
30%
Honduras Tegucigalpa
30%
Anguilla The Valley
30%
Laos Vientiane
30%
Curaçao Willemstad
30%
Cameroon Yaoundé
30%
Nauru Yaren
30%
Pitcairn Islands Adamstown
20%
Ethiopia Addis Abeba
20%
Yemen Aden
20%
Niue Alofi
20%
Cook Islands Avarua
20%
South Africa Bloemfontein
20%
Burundi Bujumbura
20%
U.S. Virgin Islands Charlotte Amalie
20%
Turks and Caicos Islands Cockburn Town
20%
British Indian Ocean Territory Diego Garcia
20%
Christmas Island Flying Fish Cove
20%
Saint Barthélemy Gustavia
20%
Guam Hagåtña
20%
Somaliland Hargeisa
20%
Saint Helena Jamestown
20%
South Georgia and the South Sandwich Islands King Edward Point
20%
Åland Mariehamn
20%
Saint Martin Marigot
20%
Wallis and Fortuna Mata Utu
20%
eSwatini Mbabane
20%
New Caledonia Nouméa
20%
French Polynesia Papeete
20%
Sint Maarten Philipsburg
20%
Montserrat Plymouth
20%
British Virgin Islands Road Town
20%
Northern Mariana Islands Saipan
20%
Puerto Rico San Juan
20%
Falkland Islands Stanley
20%
Saint Pierre and Miquelon St. Pierre
20%
Abkhazia Sukhumi
20%
Transnistria Tiraspol
20%
Faroe Islands Tórshavn
20%
Montserrat Brades
10%
Western Sahara Laayoune
10%
eSwatini Lobamba
10%
Malaysia Putrajaya
10%
British Antarctic Territory Rothera
10%
South Ossetia Tskhinvali
10%
Cocos (Keeling) Islands West Island
10%
Honduras Comayagüela
0%
Western Sahara Tifariti
0%
Ivory Coast Yamousoukro
0%
No matching quizzes found
Score Distribution
Percent of People with Each Score
Percentile by Number Answered
Your Score History
You have not taken this quiz since the last reset